| 000 | 01263cad a22002775a 4500 | ||
|---|---|---|---|
| 001 | L156548 | ||
| 008 | 060612s2012 xxk f 000 0 eng d | ||
| 020 | _a9781842197899 | ||
| 035 | _a(Sirsi) u156548 | ||
| 041 | 0 | _aeng | |
| 050 | 0 | 4 | _a725.54 $2 18 |
| 110 | 2 |
_aRoyal Institution of Chartered Surveyors _94900 |
|
| 245 | 0 | 0 |
_aInclusion, equality and the built environment _ba glossary of terms _h[electronic resource] |
| 260 |
_aCoventry _bRICS _c2012 |
||
| 300 | _aiv. 40p. | ||
| 490 | 0 | _aRICS Information Paper | |
| 505 | 2 | _aRICS information paper -- Purpose of this document -- Introduction -- Glossary of terms -- Derogatory terms -- Useful contacts -- References. | |
| 520 | _aThis glossary of terms provides readers with information relating to the language used in connection with disability, inclusion and equality within the built environment sector. | ||
| 520 | _aARCHIVED 23 DECEMBER 2016 | ||
| 521 | _aAdvanced | ||
| 651 | 4 |
_aUnited Kingdom _y |
|
| 690 |
_aBuilding regulations _96224 |
||
| 690 |
_aConstruction management _96230 |
||
| 856 | 4 | 0 |
_uhttps://www.rics.org/Global/Inclusion_equality_and_the_built_environment_glossary_1st_edition_PGguidance_2012.pdf _zView the guidance free of charge at www.rics.org/guidance... |
| 942 | _n0 | ||
| 999 |
_c114288 _d114288 |
||